00508nam a22001697a 450000500170000001000150001702000110003203500140004303700130005708200110007010000140008124500730009526000360016827000850020430000290028970000200031820201019160805.0 aENG-128583 c115.00 aEN-112115 bDBAD/PUB a115.00 aAshok, A. aTribes of India (Volume 1)/cby Dr. A. Ashok and Dr. P.V. Lakshmaiah aHyderabadbTelugu Akademic2018 aTelugu Akademi Himayatnagar HyderabadbHyderabade500029minfo@teluguacademy.net a284p.c24cm(pbk)bTables aLakshmaiah, P.V